|
|
|
|
| LEADER |
00782nab a2200193 i 4500 |
| 001 |
misc10236 |
| 005 |
20191106143138.0 |
| 008 |
170607s1925 hu o 0|| hun d |
| 022 |
|
|
|a 0025-0260
|
| 040 |
|
|
|a SZTE Miscellanea Repozitórium
|b hun
|
| 041 |
|
|
|a hun
|
| 100 |
1 |
|
|a Arday Pál
|
| 245 |
1 |
0 |
|a Pintér Jenő
|h [elektronikus dokumentum] :
|b A budapesti tankerület 6. számú értesítője. Budapest, 1925. Franklin-Társulat : [könyvismertetés] /
|c Arday Pál
|
| 260 |
|
|
|c 1925
|
| 300 |
|
|
|a 135
|
| 490 |
0 |
|
|a Magyar pedagógia : a Magyar Tudományos Akadémia Pedagógiai Bizottságának folyóirata
|v 34
|
| 695 |
|
|
|a Tankerületi értesítő, Tankerületi értesítő
|
| 700 |
0 |
1 |
|a Pintér Jenő
|
| 856 |
4 |
0 |
|u http://misc.bibl.u-szeged.hu/10236/1/mp_1925_2914_135.pdf
|z Dokumentum-elérés
|